The Thames Gateway 2006-2007 (Record no. 78029)
[ view plain ]
| 000 -LEADER | |
|---|---|
| fixed length control field | 00772cab a2200229 4500 |
| 001 - CONTROL NUMBER | |
| control field | L135838 |
| 008 - FIXED-LENGTH DATA ELEMENTS--GENERAL INFORMATION | |
| fixed length control field | 061213n2006 000 0 eng u |
| 035 ## - SYSTEM CONTROL NUMBER | |
| System control number | (Sirsi) u135838 |
| 041 0# - LANGUAGE CODE | |
| Language code of text/sound track or separate title | eng |
| 100 1# - MAIN ENTRY--PERSONAL NAME | |
| Personal name | Willis, Ben |
| 245 04 - TITLE STATEMENT | |
| Title | The Thames Gateway 2006-2007 |
| 260 ## - PUBLICATION, DISTRIBUTION, ETC. | |
| Date of publication, distribution, etc. | 2006 |
| 520 ## - SUMMARY, ETC. | |
| Summary, etc. | Covers aspects of the Thames Gateway development including the building projects, sustainable development, the possible uses of environmental technologies and economic regeneration boosted by the 2012 Olympic games. |
| 650 24 - SUBJECT ADDED ENTRY--TOPICAL TERM | |
| Topical term or geographic name entry element | OLYMPIC GAMES 2012 |
| 651 #4 - SUBJECT ADDED ENTRY--GEOGRAPHIC NAME | |
| Geographic name | THAMES GATEWAY |
| 690 ## - LOCAL SUBJECT ADDED ENTRY--TOPICAL TERM (OCLC, RLIN) | |
| Topical term or geographic name as entry element | PROPERTY-PROPERTY MANAGEMENT-REGENERATION |
| 700 1# - ADDED ENTRY--PERSONAL NAME | |
| Personal name | Watson, Stuart |
| 700 1# - ADDED ENTRY--PERSONAL NAME | |
| Personal name | Rowe, Mark |
| 700 1# - ADDED ENTRY--PERSONAL NAME | |
| Personal name | Landor, Jeremy |
| 700 1# - ADDED ENTRY--PERSONAL NAME | |
| Personal name | Alexander, Anthony |
| 942 ## - ADDED ENTRY ELEMENTS (KOHA) | |
| Suppress in OPAC | 0 |
| Withdrawn status | Lost status | Source of classification or shelving scheme | Damaged status | Not for loan | Home library | Current library | Shelving location | Date acquired | Total Checkouts | Full call number | Barcode | Date last seen | Date last checked out | Copy number | Price effective from | Koha item type |
|---|---|---|---|---|---|---|---|---|---|---|---|---|---|---|---|---|
| Dewey Decimal Classification | London | London | Journal article | 13/12/2006 | 1 | L135838 | 30073372 | 06/08/2019 | 08/06/2007 | 1 | 06/08/2019 | Journal article |